000 01638nam2a2200217 4500
001 RU\NLR\PER_A\011169609_000290
005 20250624155621.0
035 _a(NLR Aleph) 012786383
090 _a13139253
_c13139253
100 _a20220513d2021 |||y0rusy50 ca
101 0 _arus
102 _aRU
200 1 _aМатериалы научно-практической конференции с международным участием "Сибирская школа превентивной суицидологии и девиантологии. Осенняя сессия", 11 ноября 2021 г., г. Тюмень
_fФГБОУ ВО "Тюм. гос. мед. ун-т" Минздрава России
_gпод ред. проф. П.Б. Зотова
210 _d2021
_aБ. м.
461 0 _1001RU\NLR\Per\1239966
_12001#$aНаучный форум. Сибирь$dScientific forum. Siberia$eпериодический журнал научных работ молодых ученых$zeng$vТ. 7, № 2
_911758652
_cТюмень
_d2015 -
_lScientific forum. Siberia
_nРусарра
_oпериодический журнал научных работ молодых ученых
_tНаучный форум. Сибирь
_vТ. 7, № 2
710 1 2 _a"Сибирская школа превентивной суицидологии и девиантологии. Осенняя сессия", научно-практическая конференция с международным участием
_eТюмень
_f2021
_9796989
_3RU\NLR\AUTH\880565015
852 _aNLR
_jП2/1205
942 _cISSUE
980 _aNB
980 _aRUSPER